India’s princely states : (Record no. 52494)

MARC details
000 -LEADER
fixed length control field 02898nam a22003497a 4500
005 - DATE AND TIME OF LATEST TRANSACTION
control field 20110520110311.0
008 - FIXED-LENGTH DATA ELEMENTS--GENERAL INFORMATION
fixed length control field 110520t xxu||||| |||| 00| 0 eng d
010 ## - LCCN (DPL NO)
LC control number ENG-102489 B-452319
020 ## - INTERNATIONAL STANDARD BOOK NUMBER
International Standard Book Number 9789380607030
Terms of availability 495.00
035 ## - SYSTEM CONTROL NUMBER
System control number EN-86022 B-452319
037 ## - SOURCE OF ACQUISITION
Source of stock number/acquisition DBAD/PUB
040 ## - CATALOGING SOURCE
Original cataloging agency dpl
Language of cataloging Eng
082 ## - DEWEY DECIMAL CLASSIFICATION NUMBER
Classification number 954.084
100 ## - MAIN ENTRY--PERSONAL NAME
9 (RLIN) 25528
245 ## - TITLE STATEMENT
Title India’s princely states :
Statement of responsibility, etc edited by Waltraud Ernst [and] Biswamoy Pati
Remainder of title people, princes and colonialism /
260 ## - PUBLICATION, DISTRIBUTION, ETC. (IMPRINT)
Place of publication, distribution, etc Delhi
Name of publisher, distributor, etc Primus Books
Date of publication, distribution, etc 2010
270 ## - ADDRESS
Address Virat Bhavan, Mukherjee Nagar Commercial Complex
City Delhi
Postal code 110009
300 ## - PHYSICAL DESCRIPTION
Extent ix,231p.
Dimensions 25 cm (pbk)
500 ## - GENERAL NOTE
General note Includes bibliographical references and index.
505 ## - FORMATTED CONTENTS NOTE
Formatted contents note People, princes and colonialism / Waltraud Ernst and Biswamoy Pati -- Colonial and postcolonial historiography and the princely states : relations of power and rituals of legitimation / Hira Singh -- ’Cruel, Oriental despots’ : representations in nineteenth-century British colonial fiction, 1858-1900 / Indrani Sen -- Narcotrafficking, princely ingenuity and the Raj : the subjugation of the Sindia state, c. 1843-44 / Amar Farooqui -- The agrarian system of the princely state of Jammu and Kashmir : a study of colonial settlement policies, 1860-1905 / Shakti Kak -- The order of legitimacy : princely Orissa, 1850-1947 / Biswamoy Pati -- Loyal feudatories or depraved despots? : the deposition of princes in the Central India Agency, c. 1880-1947 / Fiona Groenhout -- ’Hostages in our camp’ : military collaboration between princely India and the British Raj, c. 1880-1920 / Samiksha Sehrawat -- Historicizing debates over women’s status in Islam : the case of Nawab Sultan Jahan Begam of Bhopal / Siobhan Lambert-Hurley -- The Maharana and the Bhils : the ’Eki’ movement in Mewar, 1921-22 / Hari Sen -- Women’s hospitals and midwives in Mysore, 1870-1920 : princely or colonial medicine / Barbara N. Ramusack -- Public health administration in princely Mysore : tackling the influenza pandemic of 1918 / T.V. Sekher -- Border incidents, internal disorder and the nizam’s claim for an independent Hyderabad / Manjiri N. Kamat.
546 ## - LANGUAGE NOTE
Language note Includes Gināns text in Gujarati and Urdu
Information code or alphabet (roman)
600 ## - SUBJECT ADDED ENTRY--PERSONAL NAME
9 (RLIN) 28143
650 ## - SUBJECT ADDED ENTRY--TOPICAL TERM
9 (RLIN) 28151
650 ## - SUBJECT ADDED ENTRY--TOPICAL TERM
9 (RLIN) 28152
651 ## - SUBJECT ADDED ENTRY--GEOGRAPHIC NAME
Geographic name India
General subdivision History
Chronological subdivision British occupation, 1765-1947
9 (RLIN) 28196
651 ## - SUBJECT ADDED ENTRY--GEOGRAPHIC NAME
Geographic name India
General subdivision Historiography.
9 (RLIN) 28197
700 ## - ADDED ENTRY--PERSONAL NAME
Personal name Ernst, Waltraud
9 (RLIN) 28153
Dates associated with a name 1955-
700 ## - ADDED ENTRY--PERSONAL NAME
Personal name Pati, Biswamoy
9 (RLIN) 28154
942 ## - ADDED ENTRY ELEMENTS (KOHA)
Source of classification or shelving scheme Dewey Decimal Classification
Item type English Books
Classification part 954.084
Call number suffix IND
Holdings
Withdrawn status Lost status Source of classification or shelving scheme Damaged status Not for loan Collection code Home library Current library Date acquired Source of acquisition Cost, normal purchase price Total Checkouts Full call number Barcode Date last seen Copy number Cost, replacement price Koha item type Total Renewals
    Dewey Decimal Classification     Non-fiction Central Library Central Library 13/02/2012 Virtuous Pub./686/14.10.11/05/15.9.11/29.11.11 495.00 2 954.084 IND B-452319 09/01/2024 1 495.00 English Books 2
    Dewey Decimal Classification   Not For Loan Non-fiction D.B.Act.Division D.B.Act.Division 20/05/2011 DBAD/PUB 495.00   954.084 IND EN-86022 20/05/2011 1 495.00 English Books  

© Delhi Public Library
Hit Counter
free hit counter